Trendy automatizace projekčních a konstrukčních prací
Gespeichert in:
| 1. Verfasser: | |
|---|---|
| Format: | Buch |
| Sprache: | Tschechisch |
| Veröffentlicht: |
Praha
Ústředí vědeckých, technických a ekonomických informací
1988
|
| Schriftenreihe: | Prognostická studie
|
| Tags: |
Keine Tags, Fügen Sie das erste Tag hinzu!
|
MARC
| LEADER | 00000nam a2200000 4500 | ||
|---|---|---|---|
| 001 | c032016 | ||
| 005 | 20251204112134.7 | ||
| 041 | 0 | |a cze | |
| 044 | |a CZ | ||
| 245 | 1 | 0 | |a Trendy automatizace projekčních a konstrukčních prací |c Richard Stiebitz |
| 264 | 1 | |a Praha |b Ústředí vědeckých, technických a ekonomických informací |c 1988 | |
| 300 | |a 50 s. | ||
| 490 | 1 | |a Prognostická studie | |
| 830 | 0 | |a Prognostická studie | |
| 100 | 1 | |a Stiebitz, Richard | |